Las Lenguas Celtas - Estadísticas

Estadísticas generales
  • Esta prueba ha sido intentada 65 veces
  • La puntuación promedio es 4 de 6
Estadísticas de respuestas
Hablantes Totales Idioma % Correcto
2.755.283 Irlandés
98%
92.400 Gaélico Escocés
95%
791.000 Galés
74%
210.000 Bretón
63%
1.800 Manés
46%
577 Córnico
26%
No se encontraron pruebas coincidentes
Distribución de puntuación
Porcentaje de gente con cada puntuación
Porcentaje por número respondido
Historial de tus puntuaciones
No has intentado esta prueba.